000 00396nam a22001217a 4500
999 _c10198
_d10198
003 OSt
008 201218b ||||| |||| 00| 0 eng d
245 _aIEEMA Journal
250 _a2009(Oct Vol.29 No.10, Nov Vol.29 No.11, Dec Vol.29 No.12)
260 _aMumbai
_bIndian Electrical and Electronics Manufacturers Association
650 _aElectronics and Communication Engineering
942 _2ddc
_cBV